Memoria acerca del estado del Instituto Provincial de 2a Enseñanza de Barcelona durante el curso de 1897 a 1898 / por Aurelio López Vidaur
Descripción Física:
114 p. : taules ; 25 cm
MARC
| LEADER | 00000nam a2200000Ia 4500 | ||
|---|---|---|---|
| 001 | 20648 | ||
| 008 | 160829s1899 xx 000 0 cat d | ||
| 080 | |a E-1-296 | ||
| 100 | |a López Vidaur, Aurelio |9 43296 | ||
| 245 | |a Memoria acerca del estado del Instituto Provincial de 2a Enseñanza de Barcelona durante el curso de 1897 a 1898 / por Aurelio López Vidaur | ||
| 260 | |a Barcelona : |b Establecimiento Tipográfico de la Casa P. de Caridad, |c 1899 | ||
| 300 | |a 114 p. : |b taules ; |c 25 cm | ||
| 590 | |a Prové de 2279 | ||
| 610 | 2 | 0 | |a Instituto Provincial de Segunda Enseñanza de Barcelona |9 54528 |
| 650 | |a Ensenyament secundari |x Barcelona |9 43298 | ||
| 710 | 2 | |a Instituto Provincial de Segunda Enseñanza de Barcelona |9 54528 | |
| 901 | |a Arxiu | ||
| 942 | |n 1 | ||
| 952 | |0 0 |1 0 |4 0 |6 E1296 |7 1 |9 51321 |a Arxiu |b Arxiu |d 2016-12-01 |l 0 |o E-1-296 |p 20648 |r 2016-12-01 00:00:00 |w 2016-12-01 |y ARXIU | ||
| 999 | |c 55165 |d 55165 | ||